| 000 | 00706nam a2200217Ia 4500 | ||
|---|---|---|---|
| 003 | GCL | ||
| 008 | 140319s9999 xx 000 0 ara d | ||
| 040 |
_aGCL / _cGCL |
||
| 082 | 0 | 4 |
_a823.03 _bم م |
| 100 | 1 | _aفريد عبدالرحمن (مترجم) | |
| 245 | 1 | 0 |
_aمغامرات هاكلبرى فن / _cفريد عبدالرحمن (مترجم) |
| 700 | 1 | _aتوين، مارك | |
| 700 | 1 | _aماهر نسيم | |
| 260 |
_aالقاهرة : _bالدار الدولية للنشر والتوزيع ، _c1992 |
||
| 300 | _a427 ص | ||
| 490 | _a | ||
| 650 | 0 | 4 | _aالقصص الانجليزية المترجمة |
| 650 | 0 | 4 | _aالادب الانجليزى |
| 650 | 0 | 4 | _aالقصص |
| 942 |
_2ddc _cBK |
||
| 999 |
_c38993 _d38993 |
||